| 000 | 00954nam a22003137a 4500 | ||
|---|---|---|---|
| 003 | CHAP | ||
| 005 | 20220817042055.0 | ||
| 008 | 971013s1970 r 00010 d | ||
| 010 | _a33752 | ||
| 011 | _a34724 | ||
| 035 | _a38840 | ||
| 040 | _cCHAP | ||
| 082 |
_a338.9 _bM46 1970 |
||
| 100 | 0 | 0 |
_aMeier, Gerald M. _974201 |
| 245 | 1 | _aLeading issues in economic development | |
| 250 | _a2 ed. | ||
| 260 |
_a(London) : _bOxford University, _c1970 |
||
| 300 | _a758 p | ||
| 490 | _aStudies in international poverty | ||
| 590 |
_aBATCH-UPD _b10 _c20130110 _lUCH01 _h1026 |
||
| 590 |
_aBATCH-UPD _b10 _c20130410 _lUCH01 _h0630 |
||
| 590 |
_aBATCH-UPD _b10 _c20130914 _lUCH01 _h1149 |
||
| 590 |
_aCONVERSION _b10 _c20130109 _lUCH01 _h1319 |
||
| 650 | 1 | 4 | _aDesarrollo económico. |
| 830 | 0 |
_aStudies in international poverty _9110073 |
|
| 901 | _aBK | ||
| 942 | _cLIBRO | ||
| 949 |
_a338.9 M46 1970 _bBC _cLIBRO _d33724000422234 _eLIBRO _h33595 _i38840 _si _t135.00 |
||
| 999 |
_c33752 _d33752 |
||